[Event "Hastings 0001 76th"]
[Site "Hastings"]
[Date "2001.01.05"]
[Round "8"]
[White "Sasikiran, Krishnan"]
[Black "Turner, Matthew"]
[Result "1/2-1/2"]
[WhiteElo "2573"]
[BlackElo "2491"]
[Annotator "Rabinovich,Al"]
[PlyCount "51"]
[EventDate "2000.12.29"]
[EventType "tourn"]
[EventRounds "9"]
[EventCountry "ENG"]
[EventCategory "12"]
[SourceTitle "CBM 081"]
[Source "ChessBase"]
[SourceDate "2001.03.20"]
[SourceVersion "1"]
[SourceVersionDate "2001.03.20"]
[SourceQuality "1"]

1. d4 Nf6 (1... d5 2. Nf3 Nf6 3. Bg5 e6 4. e3 Be7 5. Nbd2 O-O 6. Bd3 c5 7. c3
b6 8. Qe2 Bb7 9. Ne5 Nbd7 10. f4 Ne4 11. Bxe7 Qxe7 12. O-O Nxd2 13. Qxd2 Nf6
14. a4 a5 15. f5 Ne4 16. Bxe4 dxe4 17. dxc5 Rad8 18. Qf2 exf5 19. Qg3 f6 20.
Nc4 Qxc5 $17 {0-1 Tyomkin,D-Koskinen,H/Internet ICC 2000/The Week in Chess 292
(38)}) 2. Nf3 e6 (2... g6 3. Bg5 Bg7 4. e3 c5 5. c3 Qb6 6. Qb3 d5 7. Nbd2 Nc6
8. Be2 O-O 9. O-O Bf5 10. dxc5 Qxc5 11. Nd4 Nxd4 12. exd4 Qd6 13. Rfe1 b6 14.
a4 a5 15. Bh4 Bh6 16. Bg3 Bf4 17. Nf1 Bxg3 18. Nxg3 Bd7 19. Nf1 Rfe8 20. Bd3
Rab8 21. Nd2 {1/2-1/2 Ehlvest,J-Shirov,A/Istanbul TUR 2000/The Week in Chess
313 (21)}) 3. Bg5 c5 4. e3 Be7 (4... b6 5. d5 d6 6. Bb5+ Bd7 7. Bxd7+ Nbxd7 8.
dxe6 fxe6 9. c4 Be7 10. Nc3 $14 {1-0 Dreev,A-Zelcic,R/Las Vegas 1999/CBM 72 
(55)}) 5. Nbd2 d5 (5... b6 $5 6. Bd3 Bb7 7. O-O O-O 8. c3 cxd4 9. cxd4 Nc6 10.
a3 Nd5 11. Bxe7 Qxe7 12. Qe2 Rac8 13. Rac1 d6 14. Rfd1 Rc7 15. Nb3 Rfc8 16. Qd2
Nb8 17. Rxc7 {1/2-1/2 Rozentalis,E-Kengis,E/Aarhus 1997/CBM 60 (17)}) 6. c3
Nbd7 7. Bd3 b6 (7... Qc7 $5 {Very interesting idea.Black prevents white's Ne5.}
8. O-O O-O 9. Qb1 h6 10. Bf4 Bd6 11. Bxd6 Qxd6 12. b4 c4 13. Be2 e5 14. dxe5
Nxe5 15. Rd1 Bg4 16. Nxc4 Nxc4 17. Bxc4 Bxf3 18. gxf3 Qe5 $44 {0-1 Bagheri,
A-Yermolinsky,A/Elista 1998/CBM 66 ext (29)}) 8. Qb1 $5 {This move is not
played as much as 8.0-0,but it should be taken for deeper analyzes.This move
prevents ,firstble,black's countermove Ne4 and also puts some pressure after
black castles on h7 square.In addition to that white intends to play b4,what
will give him some initiative on queenside.} (8. O-O {Probably the best move
in the position.} Bb7 9. Ne5 Nxe5 10. dxe5 Nd7 11. Bxe7 (11. Bf4 Qc7 12. Nf3 h6
$132 {[%cal Gg7g5,Gh6h5]}) 11... Qxe7 12. f4 g6 (12... f6 13. exf6 Nxf6 14. Nf3
O-O 15. Qe1 $14 {[%cal Gf3e5,Ge1h4] With initiative for white.}) (12... O-O-O
13. a4 c4 14. Bc2 f6 15. exf6 Qxf6 {[%cal Ge6e5]} 16. e4 $14) 13. Nf3 O-O 14.
Qe1 $14 {[%cal Ge1g3,Gh2h4,Gh4h5]}) 8... h6 9. Bh4 a5 $1 {Good decition,black
doesn't let white to play b4 and wants to exchange light square bishops.} 10.
a4 {White hopes in the future to use the weakness on b5 .} Ba6 11. Bxa6 Rxa6 {
[%csl Rb5]} 12. O-O O-O $11 {It seems like black has no problems after the
opening.} 13. Rd1 (13. e4 cxd4 (13... Nxe4 14. Bxe7 Qxe7 (14... Nxd2 15. Bxd8
Nxb1 16. Be7 Re8 17. Bd6 $18) 15. Nxe4 dxe4 16. Qxe4 $11) 14. Nxd4 Nxe4 $2 (
14... Qa8 $5 15. Re1 $14) 15. Nc6 $16) 13... Nh5 $5 {Black playes very simple.
He exchanges every white piece that somehow taking active place.When only
light pieces,which are left on the board are the knights it is really will be
hard for one of the sides to break the ballance.} 14. Bxe7 Qxe7 15. e4 {
Finally white played e4,but it is not changing much.Black knights get two good
squares for his knights in the center: c5 and d5.} dxe4 16. Qxe4 Raa8 $11 {
Important to return the R back in the game.} 17. Nc4 {[%csl Rb6] White is
trying to use some black weaknesses on queenside.} Nhf6 {[%cal Gf6d5] Black N
is going to d5 from where he will protect P on b6 and realizing by that the
second N.} 18. Qe2 Nd5 19. g3 Rac8 20. Nfe5 {White placed nicely his knights
in the center,but what next? It is very difficult to break black position.
White finds very interesting plan.....} cxd4 (20... Rfd8 $1 {Was more carefull
move.But luckily for black white combination is not enough for full point. But
black really wanted to place finally the second N on c5.}) 21. Rxd4 Nc5 $5 {
[%csl Gc5,Gd5]} 22. Ng6 $5 {Nice breaking of ballance and making the game more
exiciting,but black finds the best defence to hold the piece agreement.} fxg6
23. Rxd5 {[%tqu "En","Find the best defencing resource for black.","","",
"f8f2","Correct.Black getting good counterplay.",10]} Rxf2 $1 {The best reply.
Black gaining good counterplay against exposed white K.} 24. Qxf2 exd5 25. Nxb6
Rf8 $1 {Another exelent defensive move.Sacrafising the P is correct decition.}
(25... Rd8 26. Rd1 $16) 26. Nxd5 {The postion is equal.The game probably could
continue: 26...Qd6 27.Qg2 Nd3 28.Ne3(the best move,other moves gime black
initiative) 28...Re8 29.Qd5+ Qxd5 30.Nxd5 Nxb2 and draw agreement could take
place also here.} 1/2-1/2

[Event "GER-ch 72nd"]
[Site "Heringsdorf"]
[Date "2000.11.22"]
[Round "6"]
[White "Buhmann, Rainer"]
[Black "Knuth, Hannes"]
[Result "1-0"]
[WhiteElo "2416"]
[BlackElo "2308"]
[Annotator "Rabinovich,Al"]
[PlyCount "95"]
[EventDate "2000.11.17"]
[EventType "swiss"]
[EventRounds "9"]
[EventCountry "GER"]
[SourceTitle "CBM 080"]
[Source "ChessBase"]
[SourceDate "2001.01.25"]
[SourceVersion "1"]
[SourceVersionDate "2001.01.25"]
[SourceQuality "1"]

1. d4 Nf6 2. Bg5 d5 3. Nd2 Nbd7 4. Ngf3 (4. e3 e6 5. Bd3 c5 6. c3 {[%cal Gd8b6]
0-1 Chepukaitis,G-Taimanov,M/St. Petersburg 1998/EXT 99 (60)}) 4... c5 5. dxc5
(5. e3 e6 6. c3 $14) 5... Qa5 (5... Nxc5 6. Bxf6 gxf6 7. e3 $14 {[%cal Gc2c4]})
6. c3 Qxc5 7. Qa4 {[%cal Ga4e8,Gg5f6]} Qc6 (7... e6 8. Bxf6 gxf6 9. e4 $14) 8.
Qc2 e5 ({More solid is} 8... e6 9. e3 Be7 {With a good position for Black.}) 9.
Bxf6 Qxf6 (9... Nxf6 $2 10. Nxe5) (9... gxf6 $6 10. e4 $16) 10. e4 dxe4 (10...
Nb6 11. exd5 Nxd5 12. Bb5+ $1 $16) 11. Nxe4 Qc6 12. Bd3 Be7 13. O-O O-O 14.
Rfe1 $14 {White's better development gives him the advantage.} g6 {The idea is
probably to protect h7 in the future. f5 was probably too early:} (14... f5 $2
15. Neg5 {[%csl Rb3,Rc4,Rd5,Re6,Rf7,Rg8]} e4 (15... Nc5 16. Bc4+ Ne6 17. Nxe5
$18) (15... Bxg5 16. Nxg5 Nb6 17. Rxe5) 16. Qb3+ Kh8 17. Nf7+ Rxf7 18. Qxf7 $18
) 15. a4 {White is beginning to gain space at the queenside.} a6 16. Ned2 {
[%csl Re5][%cal Gd2c4]} Bf6 17. b4 {Black is having troubles developing his
pieces, because of the weakness of e5.} Qc7 18. Nc4 {[%cal Gc4e5,Gf3e5,Ge1e5]}
Re8 19. a5 {[%csl Rb6]} Bg7 (19... Nf8 20. Nb6 Rb8 21. Nd2 {[%cal Gd2e4] White
is clearly better.}) 20. Rad1 b5 (20... f5 21. Nd6 Qxd6 (21... Re7 22. Qb3+ $18
) 22. Bc4+ $18) (20... Nf8 21. Nb6 Rb8 22. Rd2 {And White is better, For
example:} Bg4 23. Be4 Rbd8 24. Nd5 Qc8 25. Red1 {[%csl Rg7][%cal Gd5e7]}) 21.
Be4 Rb8 22. Nd6 Re6 (22... Rd8 23. Bd5 {[%csl Rf7]} Nf6 (23... Rf8 24. Nxf7
Rxf7 25. Ng5 $18) 24. Bxf7+ Kh8 25. Nxc8 Rbxc8 (25... Rxd1 26. Rxd1 Qxf7 27.
Rd8+ Bf8 28. Nxe5 Qg7 29. Qa2 {[%csl Rf7]}) 26. Bb3 $16 {[%cal Gf3e5,Gf3g5,
Gg5f7,Ge5f7]}) 23. Nxf7 $1 {Very nice move. I think it is a logical
transformition of positional advantage to material one,due to bad development
of black pieces.} Kxf7 24. Ng5+ Ke7 25. Nxe6 Kxe6 26. Qb3+ Kf6 (26... Ke7 27.
Qg8 $1 $16) 27. Re3 {[%cal Ge3f3]} Qc4 (27... Nf8 28. Rf3+ Bf5 29. g4 $18) 28.
Qxc4 bxc4 29. Bd5 {[%cal Ge3f3,Gf3f7,Gd5c4,Gd5f7]} Ke7 30. Bxc4 {Black's
position is hopeless.} (30. Rf3 Nf6) 30... Bb7 31. Red3 Nf6 32. Rd6 {[%cal
Gd6e6,Gd6b6,Gc4a6]} Bc8 (32... Ra8 33. Re6+ Kf8 34. Rdd6 Ne4 35. Rd7 Bc8 36.
Rd8+ Kf7 37. Ree8+ $18) 33. Rc6 {Threatening Rc7+.} (33. Bxa6 Ne4 34. Rc6 Bxa6
35. Rxa6 Nxc3) 33... Ne8 (33... Ra8 34. Rc7+ Bd7 (34... Ke8 35. Bf7+ Kf8 36.
Rd8+ Ne8 37. Rxe8#) 35. b5 axb5 36. Bxb5 Rd8 37. a6 $18) 34. Bxa6 {Now White's
pawns are unstopable.} Bxa6 35. Rxa6 $18 e4 36. Rc6 {[%cal Ga5a6,Ga6a7,Ga7a8]}
Be5 37. a6 Nc7 38. Rc5 Ke6 (38... Bd6 39. a7 Ra8 40. Ra5 {[%cal Gb4b5,Gb5b6,
Gb6b7]}) 39. Rc6+ (39. Re1 $18) 39... Ke7 40. g3 {[%cal Gf2f4,Ge4f3,Gd1e1]} g5
{It will be a weakness in the future.} 41. Rc5 Ke6 42. Rc6+ Ke7 43. a7 Ra8 44.
b5 Nxb5 (44... Rxa7 45. b6 $18) 45. Rd5 Bxc3 46. Rxb5 Bd4 47. Rb7+ Kd8 48. Rb8+
1-0

[Event "Bundesliga 0001"]
[Site "Germany"]
[Date "2001.03.10"]
[Round "10.8"]
[White "Hennig, Dirk"]
[Black "Meins, Gerlef"]
[Result "1-0"]
[WhiteElo "2442"]
[BlackElo "2426"]
[Annotator "Rabinovich,Al"]
[PlyCount "84"]
[EventDate "2000.10.14"]
[EventType "team-tourn"]
[EventRounds "15"]
[EventCountry "GER"]
[SourceTitle "CBM 082"]
[Source "ChessBase"]
[SourceDate "2001.05.17"]
[SourceVersion "1"]
[SourceVersionDate "2001.05.17"]
[SourceQuality "1"]
[WhiteTeam "Castrop Rauxel"]
[BlackTeam "Werder Bremen"]
[WhiteTeamCountry "GER"]
[BlackTeamCountry "GER"]

1. d4 d5 2. Nf3 Nf6 3. Bg5 Ne4 4. Bh4 c5 5. dxc5 Nc6 (5... Qa5+ $5 6. Nbd2 (6.
c3 $5 {[%cal Gb2b4] Might give white some chances for opening advantage.} Qxc5
7. e3 Nc6 8. Nbd2 Nxd2 9. Qxd2 Bg4 10. b4 Qd6 11. Bg3 $14 {[%cal Gb4b5,Gf3e5]})
6... Nc6 7. e3 Bg4 8. Be2 e6 9. O-O Nxd2 10. Nxd2 Bxe2 11. Qxe2 Qxc5 12. c4
dxc4 13. Rfc1 Be7 14. Rxc4 Qb6 15. Bxe7 Nxe7 16. Nb3 O-O 17. Nc5 Rfd8 18. Rac1
Rd5 $11 {[%cal Ga8d8] 1/2-1/2 Sokolov,I-Van Wely,L/Internet 2000/CBM 75 (23)})
6. e3 ({Another possibility.} 6. Nbd2 Nxc5 7. Nb3 f6 $5 {[%cal Ge7e5]} 8. e3 e5
9. Be2 Be6 10. Nfd2 Na4 11. Rb1 a6 12. O-O Be7 13. c4 dxc4 14. Bxc4 Bxc4 15.
Nxc4 Qxd1 16. Rfxd1 Kf7 17. f3 Rhd8 $15 {[%cal Gb7b5] 0-1 Buturin,V-Vaulin,A/
Swidnica 1999/EXT 2000 (35)}) 6... g6 {The best way to develop the B.} (6... f6
$6 7. c4 $1 $36 (7. Nd4 $5 {Also will give white better chances.})) 7. Nbd2
Nxc5 8. Nb3 Bg7 9. c3 (9. Nxc5 Qa5+ 10. c3 Qxc5 11. Be2 O-O 12. O-O e5 $15 {
[%csl Gc8,Gd5,Ge5,Gg7] Pare of bishops and strong center defenetly makes it
clear,that white got nothing from the opening and black simply has a better
game.}) 9... Ne4 10. Bd3 Bg4 {Already planning his next sacrafise.} (10... O-O
11. Bxe4 $6 dxe4 12. Qxd8 Rxd8 13. Nfd4 Ne5 14. Bxe7 Re8 15. Ba3 Nd3+ 16. Ke2
b6 17. f4 a5 $40 {[%csl Ra3,Gc8,Re2,Gg7][%cal Gc8a6] 0-1 Timman,J-Shirov,A/
Wijk aan Zee NED 2001/The Week in Chess 324 (65) Black has more than enough
compensation for sacrafised P.}) 11. h3 Nxc3 $5 {Interesting idea.Black gets
R+two P for two light pieces.But it looks like white light pieces will
dominate on the board,since black will have few weaknesses and for a while
black will be busy with defending it.} (11... Bxf3 12. Qxf3 Nf6 13. Rd1 O-O 14.
O-O Ne5 15. Qf4 Nxd3 16. Rxd3 $14 {[%cal Gf1d1]}) 12. bxc3 Bxc3+ 13. Kf1 Bxf3
14. gxf3 (14. Qxf3 Bxa1 15. Nxa1 O-O $44 {[%cal Gd8a5,Ge7e5]}) 14... Bxa1 15.
Qxa1 f6 $6 {[%csl Rd5,Re6]} (15... O-O $142 {After the move in the game black
leaves the K in the center and makes himself unnessasary weaknesses.}) 16. f4
Kf7 (16... O-O {[%csl Rg6,Rg8,Rh7][%cal Gh1g1,Ga1b1] Can be dangerous,due to
weak pawn structure on the Kside.}) 17. Kg2 Rc8 18. Rd1 $14 {White has better
position,black should be very carefull now .....} Qb6 19. Be2 $1 {[%cal Ge2f3,
Gd1d5,Gf3d5]} Rhd8 20. Bf3 Nb4 (20... Qb5 21. Nd4 $14) 21. Nd4 Rc4 22. a3 Nc6
23. Rb1 (23. Qa2 $1 {[%cal Gf3d5,Ga2c4]} Rc5 24. e4 Nxd4 25. Rxd4 Rc2 (25... e6
26. Rb4 Qc6 27. Qb2 $18 {[%cal Gb4b7,Gb2f6]}) 26. Qxc2 Qxd4 27. exd5 Qxf4 28.
Bg3 $14) 23... Qc7 24. Nb5 Qa5 25. Rb3 {[%cal Gb5c3]} (25. Qa2 Rc5 $13) 25...
a6 (25... g5 26. Bg3 (26. Bh5+ Kg8 27. Bg3 gxf4 28. Bxf4 {[%csl Rg8]}) 26...
gxf4 27. Bxf4 e5 28. Bg3 {[%csl Rf7]}) 26. Nc3 d4 (26... g5 27. Bg3 gxf4 28.
Bxf4 d4 29. Ne4 b5 30. exd4 $36 {[%csl Rf7]}) 27. Ne4 b5 28. Rd3 {[%cal Ge4d2]}
dxe3 $6 {Allows white to exchange few pieces and to get dangerous attack on
the black K.} (28... Qc7 29. Nd2 Rc2 $13 {With very complicated position.}) {
[%tqu "En","Find the best chance for white to play for winning.","","","e4d6",
"White gains strong initiative and black must play carrefully.",10]} 29. Nd6+
$1 Rxd6 $8 30. Rxd6 Rxf4 31. Rxc6 Rxh4 32. Qa2+ Kg7 33. Qe6 (33. Re6 $1 Kf8 34.
Rxe3 $16 {[%csl Rf8]}) 33... Qxa3 34. Rc7 exf2 $2 {The move which looses the
game.} (34... Kh6 35. Rxe7 Qc3 $14 {[%cal Gc3f6] Protecting very important for
black P.}) 35. Rxe7+ Kh6 36. Qxf6 f1=Q+ $8 (36... Rb4 $4 37. Qg7+ Kg5 38. Re5+
Kh4 39. Qh6#) 37. Kxf1 Qc1+ 38. Kf2 Qc5+ 39. Kg3 Qg5+ {Black is forced to
exchange the Q,but the ending is lost due to the captured R on h5.} 40. Qxg5+
Kxg5 41. Bg4 $1 {[%csl Rh4]} Kf6 (41... Rh6 {[%cal Gg5f6,Gg6g5]} 42. Re6 a5 43.
Rb6 b4 44. h4+ Rxh4 45. Rb5+ Kf6 46. Kxh4 $18) 42. Re6+ Kg5 1-0

[Event "Kiev Trudova Ukraina"]
[Site "Kiev"]
[Date "2001.01.25"]
[Round "7"]
[White "Sergeev, Vladimir"]
[Black "Zontakh, Andrey"]
[Result "1/2-1/2"]
[WhiteElo "2485"]
[BlackElo "2529"]
[Annotator "Rabinovich,Al"]
[PlyCount "145"]
[EventDate "2001.01.19"]
[EventType "tourn"]
[EventRounds "10"]
[EventCountry "UKR"]
[EventCategory "11"]
[SourceTitle "CBM 082"]
[Source "ChessBase"]
[SourceDate "2001.05.17"]
[SourceVersion "1"]
[SourceVersionDate "2001.05.17"]
[SourceQuality "1"]

1. Nf3 d5 2. d4 Nf6 3. Bg5 Ne4 4. Bh4 {This line is probably harmless for
black.But still there are some interesting ideas in curient type of positions:
1.Black will have to move the Q in order to develop the B on f8.The best place
for Q is b6,but then white will be able to play c4 and to aim c5 sometime.2.
The idea of c4 for white seems to be interesting all the time.White can
transfer the game to the positions similar to Queens Gambit.3.After black will
play Qb6 white will have to decide how to protect the b2 P.To play Qb3 or to
play Qc1 followed by later c4.We can't talk here about gaining big advantage
in earlier stages of the game for one of the sides,but again this positions
are based mostly on understanding and some specific ideas,so both sides should
play carrefully already from the begginning,} (4. Bf4 c6 5. e3 Bg4 6. Be2 Nd7
7. Nbd2 Nxd2 8. Nxd2 Bxe2 9. Qxe2 e6 10. O-O Be7 11. c4 O-O 12. e4 dxe4 13.
Nxe4 Nf6 14. Rfd1 Nxe4 15. Qxe4 Re8 16. Rd3 Bd6 $11 {1/2-1/2 Kosten,A-Speelman,
J/ENG 1991/CBM 28 (28)}) 4... c6 {[%cal Gd8b6]} 5. c3 (5. Nfd2 $5 Qb6 6. Nxe4
Qxb2 7. Nbd2 dxe4 8. e3 Qc3 9. Be2 Be6 10. O-O Bd5 11. a4 Nd7 12. Rb1 O-O-O 13.
Rc1 $44 {[%cal Gd2b1,Gc2c4] 1-0 Rozentalis,E-Giorgadze,G/Tbilisi 1989/CBM 12 
(62) White's big advantage in development,gives him at least good compensation
for the pawn.}) (5. e3 $5 {[%cal Gc2c4] This move might promise white a bit
more than the one in the game} Qb6 6. Qc1 Bf5 7. Be2 e6 8. O-O Bd6 9. c4 dxc4
10. Nbd2 Nxd2 11. Nxd2 Qc7 12. e4 $1 Bxh2+ 13. Kh1 Qf4 14. g3 Bxg3 15. Bxg3
Bxe4+ 16. Kg1 $16) 5... Bf5 6. e3 Qb6 7. Qb3 e6 8. Be2 Nd7 9. Nbd2 Bd6 $11 {
Black solved all the opening problems.} 10. Nxe4 Bxe4 11. Bg3 Be7 (11... Bxg3
12. hxg3 {[%cal Gh1h6]}) 12. h3 O-O 13. O-O c5 14. Nd2 Bg6 15. Rfc1 Rfc8 $11 {
Both sides improve their pieces.On the next move white decides to exchange
finally the queens.} 16. Qxb6 axb6 (16... Nxb6 $5) 17. Bb5 Nf6 18. a4 Ne8 19.
Nf3 Nd6 20. Ne5 c4 {[%csl Rb5][%cal Ga8a5]} (20... Nxb5 21. axb5 f6 22. Nxg6
hxg6 23. Rxa8 Rxa8 24. Bc7 Ra5 25. Bxb6 Rxb5 26. Bxc5 Bxc5 27. dxc5 Rxc5 28.
Ra1 $14 {[%cal Gg1f1,Gf1e2,Ge2d3]}) 21. Nxg6 {White has to exchange few minor
pieces and arises complitly equal ending.} hxg6 22. Bxd6 Bxd6 23. e4 Rd8 (23...
dxe4 $2 24. Re1 Kf8 (24... f5 25. Bd7 Rc7 26. Bxe6+ Kf8 27. g4 $14 {[%csl Rc4,
Re4,Rf5,Rg6]}) 25. Rxe4 $14 {[%csl Rc4]}) 24. Re1 g5 25. Re2 (25. exd5 exd5 26.
Re3 {[%csl Re8][%cal Ge3f3,Gf3f5,Ga1e1]} g6 27. Rae1 Kg7 $11 {White pieces
placed much better,but it really hard to break black position.}) 25... g6 26.
Rae1 Kg7 27. e5 Be7 28. Rf1 Rac8 29. g3 (29. f4 Rh8 {[%cal Gh8h4]} 30. Ref2
gxf4 31. Rxf4 Rcf8 $11 {[%cal Gh8h4]}) 29... Rh8 30. Kg2 Rh7 31. Re3 Rch8 32.
g4 {Now white closed the position and the only break left is b3.With the next
moves white is trying to prepare this move.} Ra8 33. Rb1 {It is really hard to
believe,that the game continued until the move 72!!!} Rhh8 34. Rf1 Rhc8 35. Rg3
Rc7 36. Re1 Rac8 37. Ree3 Ra8 38. Rgf3 Rac8 39. Kf1 Ra8 40. Ke2 Rac8 41. Kd1
Ra8 42. Kc2 Rac8 43. Re2 Rd8 44. Rfe3 Rdc8 45. Re1 Ra8 46. Rf1 Rac8 47. Rfe1
Ra8 48. Rf3 Rac8 49. Re2 Ra8 50. Rg3 Rac8 51. Rge3 Ra8 52. b3 {White finally
played b3,but what are the results:one new weakness on c3!!Although white's
plan is reasonable: white wants to play later c4,followed by d5 and then the B
+ two R will attack the weakness on f7!} cxb3+ 53. Kxb3 Rac8 54. Rf3 Rd8 55.
Rfe3 Rdc8 56. Rf3 Rd8 57. Rd3 Rdc8 58. Rde3 Rd8 59. Rc2 Rdc8 60. c4 f6 61. Rcc3
{Changes nothing.} (61. exf6+ Bxf6 62. Kc3 (62. Rxe6 Bxd4 {[%cal Gd5c4,Gd4f2]}
63. Ree2 dxc4+ 64. Rxc4 Rxc4 65. Bxc4 Bc5 $11 {[%cal Gc8f8]}) 62... Rh8 63. Kd3
Rd8 $1 64. cxd5 Rxc2 65. Kxc2 Rxd5 66. Rxe6 Bxd4 $11) 61... fxe5 62. cxd5 Rxc3+
63. Rxc3 Rxc3+ 64. Kxc3 exd4+ 65. Kxd4 Bc5+ 66. Ke5 exd5 67. Kxd5 Bxf2 68. Ke6
Bg1 69. Bd3 Bf2 70. Be4 Bg1 71. Bxb7 Bf2 72. Be4 Bg1 73. Bd3 1/2-1/2

[Event "Bundesliga 9899"]
[Site "Germany"]
[Date "1999.01.30"]
[Round "8.1"]
[White "Rozentalis, Eduardas"]
[Black "Almasi, Zoltan"]
[Result "1-0"]
[WhiteElo "2577"]
[BlackElo "2665"]
[Annotator "Rozentalis,E"]
[PlyCount "99"]
[EventDate "1998.10.17"]
[EventType "team-tourn"]
[EventRounds "15"]
[EventCountry "GER"]
[SourceTitle "GER-chT"]
[Source "ChessBase"]
[SourceDate "1999.07.01"]
[SourceVersion "1"]
[SourceVersionDate "1999.07.01"]
[SourceQuality "1"]
[WhiteTeam "Castrop Rauxel"]
[BlackTeam "Dresden"]
[WhiteTeamCountry "GER"]
[BlackTeamCountry "GER"]

1. d4 d5 2. Nf3 Nf6 3. Bg5 c5 4. Bxf6 {Seldom move, clearly not the best.} gxf6
5. c3 Nc6 6. e3 Qb6 7. Qb3 e5 8. Nbd2 Qxb3 (8... cxd4 9. exd4 Bh6 {was also
possible}) 9. axb3 cxd4 10. exd4 exd4 11. Nxd4 Nxd4 12. cxd4 Bb4 13. Bb5+ Kd8
$2 {Too optimistic.} (13... Bd7 {would lead to an equal endgame, while now
white has a very good knight maneuvre Nd2-f1-e3}) 14. Ke2 Bg4+ 15. f3 Be6 16.
Nf1 $1 Bd6 17. g3 Bc7 18. Ne3 Ke7 19. f4 a6 (19... f5 $2 20. Bd3 Kf6 21. Bxf5
Bxf5 22. Nxd5+ $18) 20. Bd3 Kd6 21. Rhd1 Bb6 22. Bc2 Rac8 23. Rd2 h5 $6 {
crucial move, as white can fix the pawn on white square.} 24. h4 Rce8 25. Kf3
$2 (25. Kf2 $1 $14 {was much better, for instance:} Bd7 26. b4) 25... Bd7 26.
Nf5+ ({now} 26. b4 {is late, because of} Re7 27. Bb3 Rhe8 $17) 26... Bxf5 27.
Bxf5 $11 Re7 28. b4 Rhe8 (28... Rc7 29. Bd3 $11) 29. Ra3 Re1 30. Bh3 R8e4 31.
Rad3 Rc1 32. b3 Ree1 $138 33. Bg2 f5 $2 (33... Re8 $142) 34. Kf2 Re4 $2 35. Bf3
$18 a5 36. Bxh5 axb4 37. Bxf7 Rc3 38. Kg2 Bd8 39. h5 Bf6 40. h6 Rxd3 41. Rxd3
Rxd4 42. Rf3 (42. Rxd4 Bxd4 43. Kh3 Bf6 44. h7 d4 45. Bc4 Ke7 46. Kg2 {
-f3-e2-c4and white wins}) 42... Rd2+ 43. Kh3 Re2 44. h7 d4 45. Rd3 Ke7 (45...
Re3 46. Rxe3 dxe3 47. Kg2 $18) 46. Bh5 Rc2 47. Rd1 Kf8 48. Bg6 Rc5 49. Re1 Kg7
50. Re6 $1 1-0